| 000 | 00533nam a2200193Ia 4500 | ||
|---|---|---|---|
| 008 | 220531s9999 xx 000 0 und d | ||
| 041 | _aeng | ||
| 082 |
_a- _bKAT / NAR |
||
| 100 |
_aKatre, J. S. / Narula, H. G. _970001 |
||
| 245 | _aDigital System Hardware, Electronics Semester - I (paper - I) | ||
| 250 | _a1ST | ||
| 260 |
_aPune _bTech-Max _c2015 |
||
| 300 | _aQ-12 | ||
| 542 | _d02-07-2015 | ||
| 551 |
_aComputer Science _bNon-grant-CS |
||
| 650 |
_aElectronics _970002 |
||
| 906 | _d2015-2016 | ||
| 999 |
_c39232 _d39232 |
||